000 00416nam a22001697a 4500
003 MPLRDC
005 20220104143815.0
008 210129b ||||| |||| 00| 0 eng d
082 _a539.597 ZGSH
100 _a中国社会科学院文字研究所编
245 _a不怕鬼的故事
_c
250 _a二版二刷
260 _a
_b人民文学
_c1985
300 _b
650 _a
942 _cBK
_o539.597 ZGSH
999 _c43537
_d43527